000 00847cam a22002417a 4500
001 2390
005 20250815125828.0
020 _a9781612360294
040 _aDLC
_cDLC
_dDLC
_beng
050 0 0 _aPZ7.K66
082 _a813
100 1 _aMilten, Luana K.
245 1 0 _aLizzie little :
_bThe sky is falling! /
_cwritten and illustrated by Robin Koontz.
260 _bRourke Publishing,
_c2012
300 _a24 pages
_bColor illustrations
_c21 cm
490 0 _aLittle birdie books
505 _aH
520 _aThis Advanced Reader Retells A Classic Story. Teaching Focus, Words To Know Before You Read, Comprehension And Extension Activities. Inside Front And Back Cover Parent And Teacher Support.
521 _a440
_bLexile
521 _aH
_bRaz-Plus
906 _a0
_bibc
_corignew
_d4
_eepcn
_f20
_gy-gencatlg
942 _2ddc
_cBK
_n0
999 _c2390
_d2390